| 000 | 00906nam a22002417a 4500 | ||
|---|---|---|---|
| 005 | 20090429113428.0 | ||
| 008 | 090429t xxu||||| |||| 00| 0 eng d | ||
| 010 | _aENG-93307 | ||
| 020 |
_a9788189886868 _c380.00 |
||
| 020 |
_a818988686X _c380.00 |
||
| 035 | _aEN-76840 | ||
| 037 | _bDBAD / PUB | ||
| 040 |
_adpl _bEnglish |
||
| 082 | _a332.0954 | ||
| 100 | _aDhiraviyam, P. | ||
| 245 |
_aFinancial scenario of India under globalisation / _cby P. Dhiraviyam |
||
| 260 |
_aDelhi _bAbhijeet Publications _c2008 |
||
| 270 |
_a2/46, Tukhmeerpur Extension _bDelhi _e110094 |
||
| 300 |
_aviii, 134p. _c22cm (Hb) |
||
| 500 | _aIncludes bibliographical references | ||
| 942 |
_2ddc _cEN _mDHI _h332.0954 |
||
| 999 |
_c25917 _d25917 |
||